Подробности
| 000 -МАРКЕР |
| контрольное поле |
02159nam2a22003371 4500 |
| 001 - ИДЕНТИФИКАТОР ЗАПИСИ |
| контрольное поле |
rc\4071754 |
| 005 - ИДЕНТИФИКАТОР ВЕРСИИ |
| контрольное поле |
20260405220229.0 |
| 010 ## - МЕЖДУНАРОДНЫЙ СТАНДАРТНЫЙ НОМЕР КНИГИ (ISBN) |
| Уточнения |
В пер. |
| Цена |
6 р. 50 к. |
| Тираж |
25000 |
| 021 ## - НОМЕР ГОСУДАРСТВЕННОЙ РЕГИСТРАЦИИ |
| Код страны |
российская федерация |
| Номер |
47-25522 |
| 035 ## - ДРУГИЕ СИСТЕМНЫЕ НОМЕРА |
| Идентификатор записи |
(NLR Aleph) 008120243 |
| 100 ## - ДАННЫЕ ОБЩЕЙ ОБРАБОТКИ |
| Данные общей обработки |
20130415d1947 |||y0rusy50 ca |
| 101 0# - ЯЗЫК РЕСУРСА |
| Язык текста, звукозаписи и т.д. |
русский |
| 102 ## - СТРАНА ПУБЛИКАЦИИ ИЛИ ПРОИЗВОДСТВА |
| Страна публикации |
российская федерация |
| 105 ## - ПОЛЕ КОДИРОВАННЫХ ДАННЫХ: ТЕКСТОВЫЕ МАТЕРИАЛЫ, МОНОГРАФИЧЕСКИЕ |
| Кодированные данные о монографическом текстовом документе |
y j ||||| |
| 200 1# - ЗАГЛАВИЕ И СВЕДЕНИЯ ОБ ОТВЕТСТВЕННОСТИ |
| Основное заглавие |
История Советского государства и права |
| Первые сведения об ответственности |
[сост. С.Н. Абрамов, Н.Г. Александров, Б.Я. Арсеньев и др.] |
| Последующие сведения об ответственности |
под ред. проф. А.И. Денисова |
| 210 ## - ПУБЛИКАЦИЯ, РАСПРОСТРАНЕНИЕ И ДР. |
| Дата издания, распространения и т.д. |
1947 |
| Место издания, распространения и т.д. |
Б. м. |
| 215 ## - ФИЗИЧЕСКАЯ ХАРАКТЕРИСТИКА |
| Специфическое обозначение материала и объем |
240 с. |
| 461 #0 - УРОВЕНЬ НАБОРА |
| Встроенное поле |
001rc\4071752 |
| -- |
2001#$aИстория государства и права СССР$eучебник для юридических институтов и факультетов$fВсесоюз. ин-т юрид. наук М-ва юстиции СССР$vЧ. 2 |
| Системный номер (АБИС) связанной записи |
9359850 |
| Место публикации |
Москва |
| Дата публикации |
1947 |
| Первые сведения об ответственности |
Всесоюз. ин-т юрид. наук М-ва юстиции СССР |
| Имя издателя, распространителя и т.д. |
Юридическое издательство |
| Сведения, относящиеся к заглавию |
учебник для юридических институтов и факультетов |
| Физическая характеристика |
2 т. |
| Заглавие |
История государства и права СССР |
| Номер тома |
Ч. 2 |
| 606 1# - НАИМЕНОВАНИЕ ТЕМЫ КАК ПРЕДМЕТ |
| Наименование темы |
Советское государство |
| Формальный подзаголовок |
Учебники для высших учебных заведений |
| Тематический подзаголовок |
История |
| Системный номер авторитетной/нормативной записи |
2074998 |
| Идентификатор авторитетной/нормативной записи |
RU\NLR\AUTH\661250030 |
| 702 #1 - ИМЯ ЛИЦА - ВТОРИЧНАЯ ОТВЕТСТВЕННОСТЬ |
| Код отношения |
Составитель |
| Материалы, к которым относится поле |
rus |
| Графика поля |
Кириллица |
| Начальный элемент ввода |
Александров |
| Часть имени, кроме начального элемента ввода |
Н. Г. |
| Дополнения к именам, кроме дат |
д-р юрид. наук |
| Даты |
1908-1974 |
| Расширение инициалов личного имени |
Николай Григорьевич |
| Идентификатор авторитетной/нормативной записи |
RU\NLR\AUTH\7798646 |
| Системный номер авторитетной/нормативной записи |
81572 |
| 702 #1 - ИМЯ ЛИЦА - ВТОРИЧНАЯ ОТВЕТСТВЕННОСТЬ |
| Начальный элемент ввода |
Арсеньев |
| Часть имени, кроме начального элемента ввода |
Б. Я. |
| Расширение инициалов личного имени |
Борис Яковлевич |
| Код отношения |
Составитель |
| 702 #1 - ИМЯ ЛИЦА - ВТОРИЧНАЯ ОТВЕТСТВЕННОСТЬ |
| Код отношения |
Составитель |
| Графика поля |
Кириллица |
| Материалы, к которым относится поле |
rus |
| Начальный элемент ввода |
Абрамов |
| Часть имени, кроме начального элемента ввода |
С. Н. |
| Дополнения к именам, кроме дат |
юрист |
| Даты |
1889-1965 |
| Расширение инициалов личного имени |
Сергей Наумович |
| Системный номер авторитетной/нормативной записи |
232375 |
| Идентификатор авторитетной/нормативной записи |
RU\NLR\AUTH\770232431 |
| 702 #1 - ИМЯ ЛИЦА - ВТОРИЧНАЯ ОТВЕТСТВЕННОСТЬ |
| Начальный элемент ввода |
Денисов |
| Часть имени, кроме начального элемента ввода |
А. И. |
| Дополнения к именам, кроме дат |
д-р юридических наук |
| Расширение инициалов личного имени |
Андрей Иванович |
| Код отношения |
Редактор |
| 801 #0 - ИСТОЧНИК ЗАПИСИ |
| Страна |
российская федерация |
| Организация |
NLR |
| Дата составления |
20130415 |
| Правила каталогизации |
psbo |
| 801 #1 - ИСТОЧНИК ЗАПИСИ |
| Страна |
российская федерация |
| Организация |
ELAR |
| Дата составления |
20130415 |
| Источник данных |
rusmarc |
| 801 #2 - ИСТОЧНИК ЗАПИСИ |
| Страна |
российская федерация |
| Организация |
NLR |
| Дата составления |
20171026 |
| Источник данных |
rusmarc |
| 852 ## - МЕСТОНАХОЖДЕНИЕ И ШИФР ХРАНЕНИЯ |
| Идентификатор организации |
NLR |
| Шифр хранения (Call Number) |
П10 Г-5/12 |
| 942 ## - ДОПОЛНИТЕЛЬНЫЕ ЭЛЕМЕНТЫ ЗАПИСИ (АБИС) |
| Тип экземпляра АБИС |
Книга |
| 980 ## - КОЛЛЕКЦИЯ |
| Название коллекции |
Национальная библиография |